| 000 | 01325nam a2200349Ia 4500 | ||
|---|---|---|---|
| 001 | ebr10699304 | ||
| 003 | CaPaEBR | ||
| 006 | m o u | ||
| 007 | cr cn||||||||| | ||
| 008 | 120423s2012 enka sb 001 0 eng d | ||
| 020 | _z1848167911 (hbk.) | ||
| 020 | _z9781848167919 (hbk.) | ||
| 020 | _z9781848167926 | ||
| 040 |
_aCaPaEBR _cCaPaEBR |
||
| 035 | _a(OCoLC)842919742 | ||
| 050 | 1 | 4 |
_aTA357.5.F55 _bF56 2012eb |
| 082 | 0 | 4 |
_a681.28 _223 |
| 245 | 0 | 0 |
_aFlow visualization _h[electronic resource] : _btechniques and examples / _ceditors, A.J. Smits, T.T. Lim. |
| 250 | _a2nd ed. | ||
| 260 |
_aLondon : _bImperial College Press, _cc2012. |
||
| 300 |
_axiv, 427 p. : _bill. (some col.) |
||
| 500 | _aPrevious ed.: London: Imperial College Press, 2000. | ||
| 504 | _aIncludes bibliographical references and index. | ||
| 533 |
_aElectronic reproduction. _bPalo Alto, Calif. : _cebrary, _d2013. _nAvailable via World Wide Web. _nAccess may be limited to ebrary affiliated libraries. |
||
| 650 | 0 | _aFlow visualization. | |
| 650 | 0 | _aFluid dynamics. | |
| 655 | 7 |
_aElectronic books. _2local |
|
| 700 | 1 | _aSmits, Alexander J. | |
| 700 | 1 | _aLim, T. T. | |
| 710 | 2 | _aebrary, Inc. | |
| 856 | 4 | 0 |
_uhttp://site.ebrary.com/lib/rucke/Doc?id=10699304 _zAn electronic book accessible through the World Wide Web; click to view |
| 999 |
_c6604 _d6604 |
||